A Level Biology - Excretion - Statistics

General Stats
  • This quiz has been taken 81 times
  • The average score is 4 of 10
Answer Stats
Definition Keyword % Correct
The removal of metabolic waste from the body Excretion
97%
The functional unit of the kidney Nephron
73%
Filtration of the blood at a molecular level under pressure Ultrafiltration
48%
A hormone that controls the permeability of the collecting duct walls Antidiuretic hormone
43%
A sensory receptor that detects changes in water potential Osmoreceptor
36%
A series of biochemical reactions that convert ammonia to urea Ornithine cycle
21%
The rate of which fluid enters the nephrons Glomerular filtration rate
16%
A substance that is produced in excess by the metabolic processes in the cells Metabolic waste
15%
Antibodies made from one type of cell Monoclonal antibodies
15%
A mechanism used to artificially regulate the concentration of solutes in the blood Renal dialysis
6%
No matching quizzes found
Score Distribution
Percent of People with Each Score
Percentile by Number Answered
Your Score History
You have not taken this quiz